Представление документа в формате RUSMARC

ПолеНазваниеЗначение
  Тип записи a
  Библиографический уровень a
001 Контрольный номер RU/УОНБ/EK_Kray/467906329
005 Дата корректировки 20260202155118.0
100 Данные общей обработки __
a Данные общей обработки 20260202d2014####|||c0rusy0189 ca
101 Язык документа 0_
a Язык текста rus
102 Страна публикации __
a Страна публикации RU
105 Кодированные данные (монография) __
a Кодированные данные (монография) y###||||000|y
200 Заглавие и сведения об ответственности 1_
a Заглавие Планета Масюкова
e Сведения, относящиеся к заглавию [стихи в память поэта]
f Первые сведения об ответственности Андрей Цухлов
225 Серия 2_
a Серия Соло
300 Общие примечания __
a Общие примечания 12+
300 Общие примечания __
a Общие примечания содерж.: Кузя; Вечеринки; Лежачий; Футболисты после поражения; Гамбургский счет; Женский монастырь; Аквалангист; Муха; Бард
461 Уровень набора _0
1 2001
a Симбирскъ
1 2101
d 2014
463 Уровень физической единицы _0
1 2000
a № 3
v С. 6-12
1 001RU/REG73/CBS_GRAD/56bfd01a41224a54a540831892948bc0
600 Персоналии _1
a Персоналии (Фамилия) Масюков, Виталий Андреевич
610 Ключевые слова 0_
a Ключевые слова поэты Ульяновска, стихи
686 Индексы других классификаций __
a Классификационный индекс 84(2Рос=Рус)6
2 Код системы rubbk
700 Автор _1
a Фамилия Цухлов
b Имя (инициалы) А.
g Полное личное имя Андрей
801 Источник записи _0
a Страна RU
b Организация RuCBSGrad
c Дата составления 20260202
g Правила каталогизации RCR
801 Источник записи _1
a Страна RU
b Организация RuCBSGrad
c Дата составления 20260202
g Правила каталогизации RCR
852 Данные о местонахождении __
a Наименование организации МБУК ЦБС г. Димитровграда
901 Тип документа __
t Тип документа c
w Контрольный № источника RU/REG73/CBS_GRAD/56bfd01a41224a54a540831892948bc0
909 Создатель записи __
a Создатель записи Тенигина
b Дата создания записи 20260202